000 00996nam a2200205Ia 4500
001 10865
003 GE_BSU
008 181216s||||||||xx |||||||||||||| ||und||
040 _cGE_BSU
080 _a821.353.1–32
245 _aქართული მოთხრობა ორ წიგნად.წიგნი მეორე:1921–1971.
245 _cსარედ.კოლეგია.ნოდარ დუმბაძე,კონსტანტინე ლორთქიფანიძე(მთ რედაქტორი)გიორგი ნატროშვილი და სხვ;მხატვ.ვლ.გრიგოლია.
260 _aთბილისი.
260 _bმერანი.
260 _c1974.
300 _a636გვ;20სმ.
300 _eფოტო–პორტრეტები.
653 _aქართული მოთხრობა ორ წიგნად.წიგნი მეორე:1921–1971.
942 _cBK
999 _c44107
_d44107